[Event "GER Seniors Derby 09th"]
[Site "Wesel Undeloh"]
[Date "2010.04.09"]
[Round "3.7"]
[White "Wetjen, Andreas"]
[Black "Brensing, Rolf"]
[Result "0-1"]
[WhiteElo "1925"]
[BlackElo "1916"]
[PlyCount "120"]
[EventDate "2010.04.08"]
[EventType "swiss"]
[EventRounds "7"]
[EventCountry "GER"]
[SourceTitle "EXT 2022"]
[Source "ChessBase"]
[SourceDate "2021.10.06"]
[SourceVersion "1"]
[SourceVersionDate "2021.10.06"]
[SourceQuality "1"]

1. e4 c5 2. Nc3 Nc6 3. g3 g6 4. Bg2 Bg7 5. d3 d6 6. Be3 Nf6 7. h3 0-0 8. Nge2 Rb8 9. 0-0 Bd7 10. Qd2 b5 11. f4 b4 12. Nd1 Qc8 13. Kh2 e5 14. f5 Nd4 15. g4 Nxe2 16. Qxe2 h6 17. Nf2 g5 18. Qd2 Nh7 19. h4 f6 20. Rh1 Qc7 21. Nh3 Bb5 22. hxg5 fxg5 23. c4 bxc3 24. bxc3 d5 25. Rhd1 Rfd8 26. Qc2 c4 27. dxc4 Bxc4 28. Nf2 d4 29. Bc1 Bf7 30. Rd3 Rdc8 31. Bd2 Nf6 32. Kh3 Nd7 33. Qc1 Qd6 34. Rg3 Nb6 35. Rb1 Rc7 36. Rb2 Rbc8 37. Bf1 Na4 38. Rc2 dxc3 39. Bxc3 Qb6 40. Nd1 Nxc3 41. Rgxc3 Rxc3+ 42. Rxc3 Rxc3+ 43. Nxc3 Qf2 44. Be2 Bf8 45. Qb2 Qf4 46. Kg2 Bc5 47. Bf3 Qe3 48. Nd1 Qg1+ 49. Kh3 Bd4 50. Qc2 Kg7 51. Qe2 a5 52. Qc2 Qe1 53. Kg2 Qg1+ 54. Kh3 Qf1+ 55. Kg3 Bc4 56. Bg2 Qe1+ 57. Kh2 Bg1+ 58. Kh1 Be3+ 59. Kh2 Bf4+ 60. Kh3 Qg3# 0-1